000 00691nam a2200205 a 4500
001 000011391
005 20200929162435.0
008 091016s1978 dr r 001 0 spa d
040 _aDO-SdBNP
_bspa
_cBNPHU
082 _aPR861.44
_bR789g
100 1 _aRosario, Aída del
_927006
245 1 0 _aGritos de angustias /
_cAída del Rosario ; prólogo Germán Santiago Batista.
260 _aSanto Domingo :
_bCaribe,
_c1978.
300 _a74 p. :
_bil. ;
_c20 cm.
590 _aInventariado, 2018/BT
650 4 _aPoesía puertorriqueña
_91015
650 4 _aLiteratura puertorriqueña
_9250
700 1 2 _aSantiago Batista, Germán,
_epról.
_927007
910 _aValidado. Control de calidad. MFF
999 _c11098
_d11098